000 01389nam a2200253Ia 4500
999 _c40999
_d40999
001 7647
003 GE_BSU
005 20240122154948.0
008 181216s1973||||ge |||||||||||||| ||geo||
040 _cGE_BSU
041 _ageo
080 _a821.353.1+821.353.1–32+821.353.1–4 დ–84
245 _aდროის ძახილი : ქართველი მწერლები ხუთწლედს :
_bლექსები, მოთხრობები, ნარკვევები /
_cშეადგინეს და წინასიტყვ. დაურთეს ჯ. ჩარკვიანმა და ნ. წერეთელმა ; რედ. ჯ. ჩარკვიანი ; მხატვ. ს. ცინცაძე.
264 _a.თბილისი :
_bსაქართველოს კპ ცკ–ის გამ–ბა,
_c1973.
300 _a355 გვ. ;
_c17 სმ.
653 _aდროის ძახილი
653 _aქართველი მწერლები ხუთწლედს
653 _aლექსები
653 _aმოთხრობები
653 _a ნარკვევები
700 _aჩარკვიანი, ჯ.
_eრედაქტორი
_921085
700 _aცინცაძე, ს.
_eმხატვარი
_921086
942 _cBK
_2udc